000 00587nam a2200145 4500
008 170325b xxu||||| |||| 00| 0 eng d
022 _a0730-3084
082 _aDPer 613.705 J863 Sept 2015-Apr 2016 v. 86-87
245 _aThe journal of physical education, recreation and dance.
260 _aPhiladelphia:
_bShape America-Society of Health and Physical Educators,
_ccSept 2015-Apr 2016.
300 _avarious paging;
_billustrartions;
_c28 cm.
500 _aThe journal of physical education, recreation and dance.
650 0 _919530
_aPhysical education
_vPeriodicals
942 _2ddc
_cPER
999 _c6451
_d6451